Kryštalochémia horninotvorných minerálov

Bibliographic Details
Main Author: Fejdl, Pavel (Author)
Format: Book
Language:Slovak
PhysicalDescription:89 s. fotogr., sch., tab. 29 cm
Published: Bratislava Univerzita Komenského 2004
ISBN:8022318450
Edition:1. vyd.
Subjects:

MARC

LEADER 00000nam a2200000 a 4500
001 vtls001478379
003 SK-MaSNL
005 20260302073610.0
008 240318s2004 xo a slo
015 |a SNBA2006/02-00601 
020 |a 8022318450 
035 |a SNK000433679 
035 |a urn:nbn:sk:snk-amlunj 
035 |a urn:nbn:sk:snk-am00cdm1 
035 |a 526417F8-4365-4E19-BCF1-E6ED96EF6226 
040 |a SNK  |b slo  |c SNK  |e AACR2 
041 0 |a slo 
044 |a xo  |c SK 
072 7 |a 549  |x Mineralógia  |2 konspekt 
080 |a 549  |2 1981 
080 |a 552  |2 1981 
080 |a 549:551.1  |2 1981 
080 |a (075.8)  |2 1981 
080 |a 548  |2 1981 
100 1 |a Fejdl, Pavel  |4 aut  |9 738220 
245 1 0 |a Kryštalochémia horninotvorných minerálov  |c Pavel Fejdl 
250 |a 1. vyd. 
260 |a Bratislava  |b Univerzita Komenského  |c 2004 
300 |a 89 s.  |b fotogr., sch., tab.  |c 29 cm 
500 |a 100 výt. 
504 |a Bibliogr. 85-86 
650 0 7 |a kryštalografia  |2 SNKPH  |9 944 
650 0 7 |a mineralógia  |2 SNKPH  |9 943 
650 0 7 |a petrológia  |2 SNKPH  |9 845 
650 0 7 |a horninotvorné minerály  |2 SNKPH  |9 69525 
655 7 |a učebnice vysokých škôl  |2 SNKPH  |9 70191 
919 |a 80-223-1845-0 
958 |a OND 
958 |a NB 
968 |d 53+54 
999 |c 1161523  |d 1163453 
952 |t P60, <03>, [BOOK], {603}, -B-  |a SNK  |b SNK  |y PREZ  |7 0  |p 17A0437111  |o snkSB 68860  |i snkKSP 9178/2004  |0 0  |1 0  |4 0  |d 2004-07-13  |f 1  |l 0  |r 2025-04-23 00:00:00  |w 2026-02-24 
952 |t P60, <04>, [BOOK], {604}  |a SNK  |b SNK  |y VYP  |7 0  |p 17A0437110  |o snkSB 68860 D1  |i snkKSP 9179/2004  |0 0  |1 0  |4 0  |d 2004-07-13  |l 0  |r 2005-01-02 00:00:00  |w 2026-02-24